| 000 | 00469nam a2200193Ia 4500 | ||
|---|---|---|---|
| 008 | 170918s9999 xx 000 0 und d | ||
| 020 | _a9780545912327 | ||
| 050 | _bM672so 2015 | ||
| 100 | _aMiranda, Megan | ||
| 245 | _aSoulprint : | ||
| 245 | _breincarnation isn't clean slate / | ||
| 245 | _cby Megan Miranda. | ||
| 260 | _aNew York : | ||
| 260 | _bScholastic, | ||
| 260 | _c2015 | ||
| 300 | _a356 pgaes : | ||
| 300 | _billustrations ; | ||
| 300 | _c21cm. | ||
| 999 |
_c344335 _d344335 |
||